000 00835cab a22001935a 4500
001 L150056
008 100526e20100522xxk 000 0 eng d
035 _a(Sirsi) u150056
041 0 _aeng
100 1 _aKivlehan, Noella Pio
245 0 0 _aEG offices
260 _c2010
490 _aEstates Gazette
_v(1022) 22 May 2010, 91-103(12)
520 _aSustainability and adaptable buildings key issues discussed in round table meeting with panel of property experts. Image and good design key factors in office fitouts. Grades offices from A to D ranging from premium stock Grade A to average office space of 15 000 sq ft in London Grade D. Serviced offices and supermarket led office developments.
590 _aKA
651 4 _aUnited Kingdom
_y
690 _aPROPERTY-COMMERCIAL PROPERTY-COMMERCIAL PROPERTY MARKET
942 _n0
999 _c82375
_d82375